| 000 | 00872nam a22002297a 4500 | ||
|---|---|---|---|
| 999 |
_c12163 _d12163 |
||
| 003 | AR-CdUCM | ||
| 008 | 190408b ||||| |||| 00| 0 spa d | ||
| 040 |
_aMUNICIPALIDAD PROVINCIAL DEL CUSCO _cBIBLIOTECA MUNICIPAL DEL CUSCO |
||
| 082 |
_a985.141 / _bC81 / 1985 |
||
| 100 |
_aCompañon, Martinez _929877 |
||
| 245 | _aTrujillo del Perú / | ||
| 260 |
_aPerú : _bCultura Hispanica, _c1985. |
||
| 300 |
_a2 tomos; _bIlustraciones, pentagrama, mapas, _c25 cm. |
||
| 505 | _aContenido : t.2 :Retrato de la Reyna -- Mapa de la Diócesis de Trugillo del Perú -- Estado de su población -- Estado de las lenguas del obispado -- Plan de la ciudad de Trugillo... | ||
| 650 |
_aTrujillo _9297 |
||
| 650 |
_aArte de Perú _929878 |
||
| 650 |
_aAcuarela _915616 |
||
| 650 |
_aOleo _915759 |
||
| 650 |
_aPentagramas _915098 |
||
| 942 |
_2ddc _cLIBROS |
||
| 945 |
_awnts _d2019-04-08 |
||